000 00899nam a2200301 a 4500
003 AR-BaBNM
005 20251128204722.0
008 082120s2002 ||||||||||||||000 | spa||
020 _a84-7665-858-3
040 _cAR-BaBNM
100 1 _aHerrera Clavero, Francisco
245 0 0 _aCómo elaborar un proyecto pedagógico-didáctico de carácter curricular
250 _a1ª ed.
260 _aBarcelona
_bPromociones y publicaciones universitarias
_c1991
300 _a92 p.
_bcuadros, tablas, diagr.
490 0 _aUniversitas
_vv. 12
500 _aContiene índice bibliográfico en p. 90-92
650 4 _aDIAGNOSTICO EDUCACIONAL
650 4 _aMETODOS DE ENSEÑANZA
650 4 _aPROGRAMAS
650 4 _aEVALUACION
650 4 _aPLANIFICACION ESCOLAR
650 4 _aROL DEL DOCENTE
650 4 _aPAPEL DEL ALUMNO
653 _aPROBLEMAS EDUCATIVOS
942 _cBK
998 _cGLORIA
999 _c8553
_d8553